"QUIDEL, MIGUEL ANGEL S/ ABUSO SEXUAL CON ACCESO CARNAL AGRAVADO POR EL VÍNCULO" / (Record no. 1271)

MARC details
000 -CABECERA
Campo de control de longitud fija 01468nam a22003977a 4500
005 - FECHA Y HORA DE LA ULTIMA TRANSACCION (NR)
Campo de control 20260415130531.0
008 - ELEMENTOS DE LONGITUD FIJA -- INFORMACION GENERAL (NR)
Campo de control de longitud fija 260415b2026 ag ||||| |||| 00| 0 spa d
020 ## - TIPO DE RESOLUCION Y NUMERO
Número de Resolución TI Audiencia in Voce - Parte Resolutiva fecha 10/4/26
Tipo de Resolución In Voce
110 ## - ASIENTO PRINCIPAL--NOMBRE CORPORATIVO (NR)
Nombre corporativo o de jurisdicción como elemento de entrada (NR) Tribunal de Impugnación
9 (RLIN) 1
245 ## - CARATULA
Caratula "QUIDEL, MIGUEL ANGEL S/ ABUSO SEXUAL CON ACCESO CARNAL AGRAVADO POR EL VÍNCULO" /
Mención de responsabilidad, etc. (NR) Tribunal de Impugnación
300 ## - DESCRIPCION FISICA (R)
Extensión (R) 00:18:26
490 ## - MENCION DE SERIE (R)
Mención de serie (R) Fallo con perspectiva de niñez y de género
518 ## - NOTA DE FECHA/HORA Y LUGAR DE UN EVENTO (R)
Fecha de la Resolución (NR) 10/4/26
653 ## - TERMINO DE INDIZACION - NO CONTROLADO (R)
Término de indización no controlado (R) ABUSO SEXUAL
653 ## - TERMINO DE INDIZACION - NO CONTROLADO (R)
Término de indización no controlado (R) RECHAZO DE FORMULACIÓN DE CARGOS
653 ## - TERMINO DE INDIZACION - NO CONTROLADO (R)
Término de indización no controlado (R) ADMISIBILIDAD DEL RECURSO
653 ## - TERMINO DE INDIZACION - NO CONTROLADO (R)
Término de indización no controlado (R) AUTO PROCESAL IMPORTANTE
653 ## - TERMINO DE INDIZACION - NO CONTROLADO (R)
Término de indización no controlado (R) NON BIS IN IDEM
653 ## - TERMINO DE INDIZACION - NO CONTROLADO (R)
Término de indización no controlado (R) DOBLE PERSECUSIÓN PENAL
653 ## - TERMINO DE INDIZACION - NO CONTROLADO (R)
Término de indización no controlado (R) DOBLE JUZGAMIENTO
653 ## - TERMINO DE INDIZACION - NO CONTROLADO (R)
Término de indización no controlado (R) PRINCIPIO DE PRECLUSIÓN
653 ## - TERMINO DE INDIZACION - NO CONTROLADO (R)
Término de indización no controlado (R) TUTELA JUDICIAL EFECTIVA
653 ## - TERMINO DE INDIZACION - NO CONTROLADO (R)
Término de indización no controlado (R) INTERÉS SUPERIOR DEL NIÑO
653 ## - TERMINO DE INDIZACION - NO CONTROLADO (R)
Término de indización no controlado (R) PERSPECTIVA DE GÉNERO
653 ## - TERMINO DE INDIZACION - NO CONTROLADO (R)
Término de indización no controlado (R) ARBITRARIEDAD
653 ## - TERMINO DE INDIZACION - NO CONTROLADO (R)
Término de indización no controlado (R) NULIDAD DE FORMULACIÓN DE CARGOS
653 ## - TERMINO DE INDIZACION - NO CONTROLADO (R)
Término de indización no controlado (R) NUEVAS CIRCUNSTANCIAS FÁCTICAS
653 ## - TERMINO DE INDIZACION - NO CONTROLADO (R)
Término de indización no controlado (R) REFORMULACIÓN DE CARGOS
653 ## - TERMINO DE INDIZACION - NO CONTROLADO (R)
Término de indización no controlado (R) EFECTO NO SUSPENSIVO
700 ## - FIRMANTES - NOMBRE PERSONAL (R)
Nombre personal (NR) Juan Jose Nazareno Eulogio
9 (RLIN) 42
700 1# - FIRMANTES - NOMBRE PERSONAL (R)
Nombre personal (NR) Repetto, Andrés
9 (RLIN) 10
700 1# - FIRMANTES - NOMBRE PERSONAL (R)
Nombre personal (NR) Patricia Romina Lupica Cristo
9 (RLIN) 48
774 ## - NUMERO DE LEGAJO
Número de Legajo LEG 59451/26
856 ## - LOCALIZACION Y ACCESO ELECTRONICOS (R)
Identificador Uniforme del Recurso (“URI”) (R) <a href="https://drive.google.com/file/d/1WkoQ4k-ElYdVcoTxEp0mYsqCVgA1tOSX/view?usp=sharing">https://drive.google.com/file/d/1WkoQ4k-ElYdVcoTxEp0mYsqCVgA1tOSX/view?usp=sharing</a>
Texto del vínculo (R) Parte Resolutiva - Audiencia in voce fecha 10/4/26
942 ## - Elementos Agregados (KOHA)
Fuente de clasificación o esquema de estanterías Dewey Decimal Classification
Tipo de material Koha (Default) In Voce

No items available.